00508 a2200157 4500010001400000020002300014035001300037037001500050082000800065100003000073245005600103260005200159270006100211300002700272500005100299 aENG-86983 a8185044503c240.00 aEN-70516 bDBAD / PUB14a3311 aPanigrahi, Debendra Kumar1 aIndustrial relations /cby Debendra Kumar Panigrahi aNew DelhibUDH Publishers & Distributorsc2006. a4762-63/23, Ansari Road, Darya Ganj,bNew Delhie110 002 axiv, 343pc24cm (pbk) aIncludes bibliographical references and index